| 000 | 00516nam a2200193Ia 4500 | ||
|---|---|---|---|
| 001 | 62111 | ||
| 008 | 141119s9999 xx 000 0 und d | ||
| 020 | _a9788126537709 | ||
| 040 | _cPK-LaUMT | ||
| 082 |
_a 621.042 _bQUA-R |
||
| 100 | _aQuaschning, Volker | ||
| 245 |
_aRenewable energy and climate change _cQuaschning, Volker|Jourdan, Hedy |
||
| 260 |
_aNew Delhi,India: _bWiley India, _c2010 |
||
| 300 | _a308 p. | ||
| 546 | _aEN | ||
| 650 | _aRenewable engineering | ||
| 700 | _aJourdan, Hedy | ||
| 942 | _cBK | ||
| 999 |
_c62541 _d62541 |
||